000 00497nam a2200181 a 4500
005 20140412111316.0
008 010307s19uu xx 00 eng d
020 _a0-307-30139-7
050 _aER
_bFl65 1993
100 _aScarry, Richard
245 _aFloating bananas /
_cRichard Scarry.
260 _aNew York :
_bA Golden Book,
_c1993.
300 _a1 v. (unp.) ; ill.
650 _aBanana stories -- Fiction
650 _aGorilla stories -- Fiction
999 _c104227
_d104227